Normal view
MARC view
Entry Personal Name
001 - CONTROL NUMBER
- control field: 81973
003 - CONTROL NUMBER IDENTIFIER
- control field: OSt
005 - DATE AND TIME OF LATEST TRANSACTION
- control field: 20231026121725.0
008 - FIXED-LENGTH DATA ELEMENTS
- fixed length control field: 231026|| aca||aabn | a|a d
040 ## - CATALOGING SOURCE
- Original cataloging agency: OSt
- Transcribing agency: OSt
100 ## - HEADING--PERSONAL NAME
- Personal name: Mahajan, Anand Kumar
670 ## - SOURCE DATA FOUND
- Source citation: Work cat.: (OSt)66220: Mahajan, Anand Kumar, SSC JE 2022 Civil Engineering Chapterwise Solved Papers (43 )4175+, 2023









